BIBLIOTECA

SENCICO
Vista normal Vista MARC

Entrada Nombre personal

Número de registros utilizados en: 2

001 - CONTROL NUMBER

  • control field: 579

003 - CONTROL NUMBER IDENTIFIER

  • control field: OSt

005 - DATE AND TIME OF LATEST TRANSACTION

  • control field: 20260309210341.0

008 - FIXED-LENGTH DATA ELEMENTS

  • fixed length control field: 260309|| aca||aabn | a|a d

040 ## - CATALOGING SOURCE

  • Original cataloging agency: OSt

100 ## - ENCABEZADO--NOMBRE PERSONAL

  • Nombre personal: Asensio Cerver, Francisco